000 01882nam a2200445 a 4500
001 ebr10541098
003 CaPaEBR
006 m u
007 cr cn|||||||||
008 111020s2012 nyu sb 001 0 eng d
010 _z 2011043846
020 _z9780814737125 (cl : alk. paper)
020 _z0814737129
020 _z9780814737132 (pb : alk. paper)
020 _z0814737137 (pbk.)
020 _z0814744907 (ebook)
020 _z9780814744918 (ebook)
020 _z9780814744901 (e-book)
040 _aCaPaEBR
_cCaPaEBR
035 _a(OCoLC)787848547
043 _an-us---
050 1 4 _aHQ536
_b.H427 2012eb
082 0 4 _a306.810973
_223
100 1 _aHeath, Melanie.
245 1 0 _aOne marriage under God
_h[electronic resource] :
_bthe campaign to promote marriage in America /
_cMelanie Heath.
260 _aNew York :
_bNew York University Press,
_cc2012.
300 _axiii, 260 p.
490 1 _aIntersections
504 _aIncludes bibliographical references and index.
505 0 _aUnite! marriage and American identity -- The stakes of gender and heterosexuality -- Widening the marriage gap -- Teaching marriage to single mothers and inmates -- Marriage recitals in high school -- Contesting Native American marriage.
533 _aElectronic reproduction.
_bPalo Alto, Calif. :
_cebrary,
_d2011.
_nAvailable via World Wide Web.
_nAccess may be limited to ebrary affiliated libraries.
650 0 _aMarriage
_zUnited States.
650 0 _aMarriage
_xReligious aspects
_xChristianity.
650 0 _aHeterosexuality
_zUnited States.
651 0 _aUnited States
_xSocial conditions.
655 7 _aElectronic books.
_2local
710 2 _aebrary, Inc.
830 0 _aIntersections (New York, N.Y.)
856 4 0 _uhttp://site.ebrary.com/lib/rucke/Doc?id=10541098
_zAn electronic book accessible through the World Wide Web; click to view
999 _c136314
_d136314